Normal view
MARC view
- Soviet Union
Entry Geographic Name
001 - CONTROL NUMBER
- control field: 27232
003 - CONTROL NUMBER IDENTIFIER
- control field: NUST
005 - DATE AND TIME OF LATEST TRANSACTION
- control field: 20191230160407.0
008 - FIXED-LENGTH DATA ELEMENTS
- fixed length control field: 191230|| aca||aabn | a|a d
040 ## - CATALOGING SOURCE
- Original cataloging agency: NUST
- Transcribing agency: NUST
151 ## - HEADING--GEOGRAPHIC NAME
- Geographic name: Soviet Union
670 ## - SOURCE DATA FOUND
- Source citation: Work cat.: (NUST): Kengor, Paul, 1966- 27225, The crusader :, c2006.
